000 00353nam a2200145Ia 4500
008 230917s9999||||xx |||||||||||||| ||und||
040 _e72707
_aMAIN
041 _aEnglish
082 _a658 C34M
100 _aChhabra, T N
245 0 _aManagement process and perspectives
260 _aAllahabad
_bKitab Mahal
_c2001
300 _a676 p.
942 _cBK
999 _c93183
_d93183